Artistas más reproducidos en Spotify - Estadísticas

Estadísticas generales
  • Esta prueba ha sido intentada 531 veces
  • La puntuación promedio es 11 de 30
Estadísticas de respuestas
Genero Streams Artista % Correcto
Reggaeton 75,809M Bad Bunny
91%
Pop / Country 72,067M Taylor Swift
88%
Rap 45,409M Eminem
68%
Rap / Hip Hop 93,974M Drake
65%
K-Pop 37,880M BTS
64%
Pop 31,908M Billie Eilish
56%
Pop 38,795M Rihanna
53%
Pop 43,337M Ariana Grande
52%
R&B / Pop 60,479M The Weeknd
47%
Reggaeton 29,021M Daddy Yankee
45%
Pop 50,686M Justin Bieber
42%
Rap 41,669M Kanye West
42%
Reggaeton 40,474M J Balvin
39%
Pop 50,592M Ed Sheeran
37%
Hip Hop / Rap 42,082M Travis Scott
37%
Pop 30,225M Bruno Mars
36%
Rap 32,379M Kendrick Lamar
31%
Pop 29,452M Dua Lipa
27%
Pop / Rock 29,974M Coldplay
25%
Reggaeton 35,225M Ozuna
25%
Rap / R&B 40,461M Post Malone
21%
Rap / Pop 33,329M Nicki Minaj
15%
EDM / Pop 27,264M David Guetta
12%
Pop / Rock 30,316M Imagine Dragons
12%
Rap 34,083M Future
8%
Trap 30,151M XXXTENTACION
8%
Rap / Hip Hop 28,423M Lil Wayne
7%
Rap 30,547M Chris Brown
6%
Rap / Hip Hop 34,547M Juice WRLD
4%
Pop / R&B 28,996M Khalid
2%
No se encontraron pruebas coincidentes
Distribución de puntuación
Porcentaje de gente con cada puntuación
Porcentaje por número respondido
Historial de tus puntuaciones
No has intentado esta prueba.